| 000 | 01289cam a2200301 i 4500 | ||
|---|---|---|---|
| 999 |
_c28464 _d28435 |
||
| 001 | 19779611 | ||
| 003 | EG-ScBUE | ||
| 005 | 20200805094936.0 | ||
| 008 | 170711s2018 nyua f 001 0 eng d | ||
| 020 | _a9780415788779 (pbk) | ||
| 040 |
_aDLC _beng _cDLC _erda _dDLC _dEG-ScBUE |
||
| 082 | 0 | 4 |
_a791.430232068 _bCLE _222 |
| 100 | 1 |
_aClevé, Bastian, _eauthor. |
|
| 245 | 1 | 0 |
_aFilm production management : _bhow to budget, organize, and successfully shoot your film / _cBastian Clevé. |
| 250 | _aFourth edition. | ||
| 264 | 1 |
_aNew York ; _aLondon : _bRoutledge / Taylor & Francis Group, _c2018. |
|
| 300 |
_avii, 214 pages : _billustrations ; _c26 cm |
||
| 336 |
_atext _btxt _2rdacontent |
||
| 336 |
_astill image _bsti _2rdacontent |
||
| 337 |
_aunmediated _bn _2rdamedia |
||
| 338 |
_avolume _bnc _2rdacarrier |
||
| 500 | _aIncludes index. | ||
| 505 | 0 | _aThe production manager -- The business of film -- Preparing for production -- Special tips for low-budget productions -- Locations -- Unions -- Cast and crew -- Contracts, agreements, and working permits -- The budget and production budget forms -- Insurance -- Completion bonds. | |
| 650 | 7 |
_aMotion pictures _xProduction and direction. _2BUEsh |
|
| 653 |
_bCOMAME _cJuly2020 |
||
| 655 |
_vReading book _934232 |
||
| 942 |
_2ddc _cBB |
||